| 000 | 01087nam0a22003011 4500 | ||
|---|---|---|---|
| 001 | v19\rc\1763705 | ||
| 005 | 20250619065151.0 | ||
| 035 | _a(NLR Aleph) 004863332 | ||
| 090 |
_a5031985 _c5031985 |
||
| 100 | _a20061204d1903 |||y0rusy50 ca | ||
| 101 | 0 | _arus | |
| 102 | _aRU | ||
| 105 | _aa z ||||| | ||
| 200 | 1 |
_aДруг и спутник железнодорожного мастера _fСост. И. Немилов |
|
| 210 |
_aСанкт-Петербург _cЦентр. типо-лит. М.Я. Минкова _d1903 |
||
| 215 |
_a[4], 32 с., 5 л. черт. _d19 |
||
| 225 | 1 |
_aДомашняя библиотека техника _v№ 7 |
|
| 311 | _aБеспл. прил. к журн. "Практик-монтер" Апрель | ||
| 422 | 0 |
_12001#$aПрактик-монтер$vАпрель _tПрактик-монтер |
|
| 700 | 1 |
_aНемилов _bИ. _4220 |
|
| 801 | 0 |
_aRU _bNLR _gpsbo |
|
| 801 | 0 |
_aRU _bRuMoRGB _2psbo |
|
| 801 | 1 |
_aRU _bProSoft-M _2rusmarc |
|
| 852 |
_aNLR _j45/15(7) |
||
| 899 |
_aRuMoRGB _jU 291/32 |
||
| 942 | _cBOOK | ||
| 980 | _aNB | ||